000
00322nam a2200109Ia 4500
008
200302s9999 xx 000 0 und d
100
_a
Thomas J. Campanella
245
_a
The Concrete Dragon China's Urban Revolution and What it Means for the World
260
_b
Princeto Architectural Press
260
_c
2008
300
_a
334
999
_c
3324
_d
3324